A quest~ao racial : (Record no. 178700)
[ view plain ]
| 000 -LEADER | |
|---|---|
| fixed length control field | 00811cam9a220025300 4500 |
| 001 - CONTROL NUMBER | |
| control field | qcf00551328 |
| 005 - DATE AND TIME OF LATEST TRANSACTION | |
| control field | 20190830090818.0 |
| 008 - FIXED-LENGTH DATA ELEMENTS--GENERAL INFORMATION | |
| fixed length control field | 810826s1964 po b 000 0 por |
| 010 ## - LIBRARY OF CONGRESS CONTROL NUMBER | |
| LC control number | 65079815 |
| 035 ## - SYSTEM CONTROL NUMBER | |
| System control number | (Sirsi) r108052 |
| 035 ## - SYSTEM CONTROL NUMBER | |
| System control number | (QCAT)lss03164437 |
| 035 ## - SYSTEM CONTROL NUMBER | |
| System control number | (UPRA)qcf00551328 |
| 040 ## - CATALOGING SOURCE | |
| Modifying agency | UPRA |
| 100 1# - MAIN ENTRY--PERSONAL NAME | |
| Personal name | Barata, Oscar Soares. |
| Linkage | A66396.1 |
| 245 12 - TITLE STATEMENT | |
| Title | A quest~ao racial : |
| Remainder of title | introduc~ao. |
| 260 ## - PUBLICATION, DISTRIBUTION, ETC. | |
| Place of publication, distribution, etc. | [Lisboa] : |
| Name of publisher, distributor, etc. | Instituto Superior de Ci^encias Sociais e Politica Ultramarina, |
| Date of publication, distribution, etc. | [1964] |
| 500 ## - GENERAL NOTE | |
| General note | Portuguese, French, or English. |
| 502 ## - DISSERTATION NOTE | |
| Dissertation note | Tese--Universidade Tecnica de Lisboa. |
| 504 ## - BIBLIOGRAPHY, ETC. NOTE | |
| Bibliography, etc. note | Bibliography: p. 315-325. |
| 650 #0 - SUBJECT ADDED ENTRY--TOPICAL TERM | |
| Topical term or geographic name entry element | Race relations. |
| Linkage | S22134.1 |
| 650 #0 - SUBJECT ADDED ENTRY--TOPICAL TERM | |
| Topical term or geographic name entry element | Black race. |
| Linkage | S3922.1 |
| 949 ## - LOCAL PROCESSING INFORMATION (OCLC) | |
| a | HT1521 |
| w | lcc |
| i | -154043 |
| m | MAIN |
| t | BOOK |
| l | ON-SHELF |
No items available.